| 000 | 00959nac a22002531u 4500 | ||
|---|---|---|---|
| 010 | _a86021944 | ||
| 020 | _a0940474069 (alk. paper) | ||
| 082 | 0 | 0 |
_a230.40924 _bS637 |
| 090 |
_c1830 _d1830 |
||
| 100 | _aSmeeton, Donald Dean, | ||
| 245 | 1 | 0 |
_aLollard themes in the Reformation theology of William Tyndale / _cby Donald Dean Smeeton. |
| 260 |
_aKirksville, Mo. : _bSixteenth Century Journal Publishers, _cc1986. |
||
| 300 |
_a285 p. : _bill. ; _c24 cm. |
||
| 490 | 1 | _aVolume VI of Sixteenth century essays & studies | |
| 500 | _aIncludes index. | ||
| 500 | _aDonations | ||
| 500 | _aDonations - Dr. Mostafa Gouda | ||
| 504 | _aBibliography: p. 265-278. | ||
| 600 | 1 | 0 |
_aTyndale, William, _dd. 1536. |
| 650 | 0 | _aLollards. | |
| 830 | 0 | _aSixteenth century essays & studies ; | |
| 942 |
_cBB _k230.40924S637 |
||
| 999 |
_c1830 _d1830 |
||